000 00476nam a2200181Ia 4500
001 16402
005 20260306170307.0
008 260306t2015||||xx |||||||||||||| ||und||
041 _aESP
082 _a348.57
_bK81
100 _aKresalja R., Baldo
_eAUT
245 0 _a¿Estado o mercado?:
_bel principio de subsidiaridad en la constitución peruana
260 _c2015
300 _a241 páginas :
_c20 cm.
650 _aGEN
654 _aCDE
942 _cLIB
_dJUS
_fJUS
_2ddc
_n
999 _c16402
_d16402